[Event "2016 South Wales International"]
[Site "Cardiff"]
[Date "2016.07.11"]
[Round "7"]
[Board "10"]
[White "Wallace, Paul"]
[Black "Davis, Lee"]
[Result "1-0"]
[WhiteElo "2243"]
[BlackElo "1946"]
[PlyCount "0"]
[EventDate "2016.07.07"]
[EventRounds "10"]
[EventCountry "WLS"]

1. e4 {[%clk 1:30:56]} g6 {[%clk 1:30:55]} 2. d4 {[%clk 1:31:13]} d6
{[%clk 1:31:18]} 3. f4 {[%clk 1:30:51]} Nf6 {[%clk 1:31:32]} 4. Bd3
{[%clk 1:30:47]} Bg7 {[%clk 1:31:44]} 5. Nf3 {[%clk 1:30:51]} O-O
{[%clk 1:31:34]} 6. O-O {[%clk 1:31:06]} c6 {[%clk 1:29:09]} 7. c4
{[%clk 1:29:09]} Bg4 {[%clk 1:12:37]} 8. Nc3 {[%clk 1:28:02]} e5 {[%clk 1:09:51]}
9. fxe5 {[%clk 1:23:17]} dxe5 {[%clk 1:10:06]} 10. d5 {[%clk 1:23:35]} Qb6+
{[%clk 1:05:09]} 11. Kh1 {[%clk 1:23:42]} Nbd7 {[%clk 1:05:06]} 12. Qe2
{[%clk 1:08:14]} Nh5 {[%clk 1:04:45]} 13. Be3 {[%clk 1:08:19]} Nf4
{[%clk 1:03:55]} 14. Qd2 {[%clk 1:07:57]} Qd8 {[%clk 0:58:30]} 15. Nxe5
{[%clk 1:07:09]} Nxd3 {[%clk 0:54:45]} 16. Nxd3 {[%clk 1:06:40]} f5
{[%clk 0:48:43]} 17. Bg5 {[%clk 0:57:05]} Qa5 {[%clk 0:45:47]} 18. Bh6 fxe4
{[%clk 0:44:12]} 19. Bxg7 {[%clk 0:44:38]} Kxg7 {[%clk 0:41:33]} 20. Nf2
{[%clk 0:42:43]} Nf6 {[%clk 0:40:52]} 21. Nxg4 {[%clk 0:39:05]} Nxg4
{[%clk 0:41:09]} 22. Qd4+ {[%clk 0:39:02]} Kg8 {[%clk 0:39:47]} 23. Nxe4
{[%clk 0:39:22]} c5 {[%clk 0:37:40]} 24. Nxc5 {[%clk 0:38:49]} Qb6
{[%clk 0:37:45]} 25. Qxg4 {[%clk 0:36:03]} Qxc5 {[%clk 0:38:04]} 26. Qe6+
{[%clk 0:36:08]} Kh8 {[%clk 0:37:48]} 27. d6 {[%clk 0:36:22]} Rae8
{[%clk 0:36:43]} 28. Rxf8+ {[%clk 0:35:25]} Rxf8 {[%clk 0:37:08]} 29. d7
{[%clk 0:32:11]} Qf2 {[%clk 0:36:56]} 30. h3 {[%clk 0:32:20]} Qxb2
{[%clk 0:36:56]} 31. Rd1 {[%clk 0:32:34]} Qc2 {[%clk 0:36:28]} 32. d8=Q
{[%clk 0:32:36]} 1-0

[Event "2016 South Wales International"]
[Site "Cardiff"]
[Date "2016.07.11"]
[Round "7"]
[Board "11"]
[White "Morcom, Huw"]
[Black "Bullen, Alex"]
[Result "1-0"]
[WhiteElo "1952"]
[BlackElo "2045"]
[PlyCount "0"]
[EventDate "2016.07.07"]
[EventRounds "10"]
[EventCountry "WLS"]

1. e4 {[%clk 1:30:54]} c6 {[%clk 1:30:51]} 2. d3 {[%clk 1:30:26]} d5
{[%clk 1:31:13]} 3. Nd2 {[%clk 1:30:47]} e5 {[%clk 1:31:32]} 4. Ngf3
{[%clk 1:30:46]} Bd6 {[%clk 1:31:52]} 5. Be2 {[%clk 1:30:56]} Nf6
{[%clk 1:32:00]} 6. h3 {[%clk 1:31:08]} Nbd7 {[%clk 1:30:10]} 7. O-O
{[%clk 1:30:58]} O-O {[%clk 1:30:16]} 8. Re1 {[%clk 1:30:52]} Re8
{[%clk 1:29:20]} 9. c3 {[%clk 1:27:18]} Nf8 {[%clk 1:27:46]} 10. Qc2
{[%clk 1:27:26]} Ng6 {[%clk 1:27:21]} 11. Nf1 {[%clk 1:27:45]} h6
{[%clk 1:24:53]} 12. Ng3 {[%clk 1:27:26]} a5 {[%clk 1:24:02]} 13. Be3
{[%clk 1:26:44]} Be6 {[%clk 1:22:10]} 14. Nh2 {[%clk 1:23:38]} a4
{[%clk 1:06:55]} 15. Ng4 {[%clk 1:23:15]} Nxg4 {[%clk 1:06:46]} 16. hxg4
{[%clk 1:23:33]} Qh4 {[%clk 0:59:43]} 17. Nf5 {[%clk 1:21:22]} Bxf5
{[%clk 1:00:01]} 18. gxf5 {[%clk 1:21:17]} Ne7 {[%clk 0:58:11]} 19. g3
{[%clk 1:20:56]} Qf6 {[%clk 0:57:46]} 20. Kg2 {[%clk 1:21:05]} Kf8
{[%clk 0:49:27]} 21. Rh1 {[%clk 1:21:20]} Ng8 {[%clk 0:49:49]} 22. Rh2
{[%clk 1:20:19]} c5 {[%clk 0:45:09]} 23. Rah1 {[%clk 1:20:04]} d4
{[%clk 0:44:46]} 24. Bd2 {[%clk 1:20:21]} b5 {[%clk 0:42:36]} 25. g4
{[%clk 1:20:13]} Qd8 {[%clk 0:41:34]} 26. Qc1 {[%clk 1:19:50]} Be7
{[%clk 0:40:14]} 27. Rh5 {[%clk 1:19:13]} Ra6 {[%clk 0:36:17]} 28. f4
{[%clk 1:10:57]} f6 {[%clk 0:35:07]} 29. g5 {[%clk 1:10:16]} fxg5
{[%clk 0:30:37]} 30. fxg5 {[%clk 1:10:27]} hxg5 {[%clk 0:30:17]} 31. Bxg5
{[%clk 1:10:16]} Bxg5 {[%clk 0:29:19]} 32. Rxg5 {[%clk 1:10:32]} Rh6
{[%clk 0:27:11]} 33. cxd4 {[%clk 1:06:42]} cxd4 {[%clk 0:26:43]} 34. Rxh6
{[%clk 1:06:21]} Nxh6 {[%clk 0:26:09]} 35. Rg6 {[%clk 1:05:53]} Qc8
{[%clk 0:20:34]} 36. Qd2 {[%clk 1:04:59]} Nf7 {[%clk 0:17:04]} 37. Bh5
{[%clk 0:52:39]} Re7 {[%clk 0:16:18]} 38. f6 {[%clk 0:52:41]} gxf6
{[%clk 0:11:16]} 39. Rxf6 {[%clk 0:53:06]} Ke8 {[%clk 0:09:56]} 40. Qh6
{[%clk 0:47:40]} Qc2+ {[%clk 0:08:22]} 41. Rf2 {[%clk 0:48:02]} Qxd3
{[%clk 0:06:43]} 42. Bxf7+ {[%clk 0:43:59]} Rxf7 {[%clk 0:07:01]} 43. Qe6+
{[%clk 0:44:25]} Re7 {[%clk 0:07:08]} 44. Qc8# 1-0

[Event "2016 South Wales International"]
[Site "Cardiff"]
[Date "2016.07.11"]
[Round "7"]
[Board "12"]
[White "Waterfield, John W"]
[Black "Sigurdsson, Birkir Karl"]
[Result "0-1"]
[WhiteElo "1980"]
[BlackElo "1883"]
[PlyCount "0"]
[EventDate "2016.07.07"]
[EventRounds "10"]
[EventCountry "WLS"]

1. e4 {[%clk 1:30:59]} e5 {[%clk 1:28:35]} 2. f4 {[%clk 1:30:30]} d6
{[%clk 1:28:37]} 3. Nf3 {[%clk 1:30:46]} Bg4 {[%clk 1:27:44]} 4. Bc4
{[%clk 1:21:37]} Nf6 {[%clk 1:27:11]} 5. d3 {[%clk 1:18:23]} Nc6 {[%clk 1:26:07]}
6. c3 {[%clk 1:16:35]} exf4 {[%clk 1:21:43]} 7. Bxf4 {[%clk 1:12:58]} Be7
{[%clk 1:20:21]} 8. O-O {[%clk 1:11:10]} O-O {[%clk 1:20:34]} 9. Nbd2
{[%clk 1:06:40]} Na5 {[%clk 1:16:27]} 10. Bb5 {[%clk 1:02:36]} c6
{[%clk 1:15:56]} 11. Ba4 {[%clk 1:02:44]} Qb6+ {[%clk 1:16:17]} 12. d4
{[%clk 0:58:25]} Qxb2 {[%clk 1:14:11]} 13. h3 {[%clk 0:46:47]} Bh5
{[%clk 1:13:44]} 14. Nb3 {[%clk 0:44:16]} Nxb3 {[%clk 1:09:16]} 15. Rb1
{[%clk 0:38:50]} Qxc3 {[%clk 1:07:26]} 16. Rxb3 {[%clk 0:38:48]} Qa5
{[%clk 1:06:43]} 17. Rxb7 {[%clk 0:38:36]} Bxf3 {[%clk 0:50:26]} 18. Rxf3
{[%clk 0:34:56]} Qd8 {[%clk 0:48:22]} 19. Bxc6 {[%clk 0:34:21]} Rc8
{[%clk 0:48:35]} 20. d5 {[%clk 0:27:52]} Nxe4 {[%clk 0:47:44]} 21. Rd7
{[%clk 0:27:06]} Qb6+ {[%clk 0:47:44]} 22. Kh2 {[%clk 0:27:01]} Bf6
{[%clk 0:46:10]} 23. Be3 {[%clk 0:25:41]} Be5+ {[%clk 0:45:31]} 24. Kg1
{[%clk 0:25:58]} Qb2 {[%clk 0:44:55]} 25. Rxa7 {[%clk 0:25:25]} Nc3
{[%clk 0:45:02]} 26. Qe1 {[%clk 0:20:04]} Ne4 {[%clk 0:43:08]} 27. a4 Rb8
{[%clk 0:41:34]} 28. Kh1 {[%clk 0:08:27]} Qa2 {[%clk 0:39:24]} 29. Bb5
{[%clk 0:06:06]} Qxd5 {[%clk 0:39:23]} 30. Bf4 {[%clk 0:06:12]} Bd4
{[%clk 0:31:13]} 31. Rd7 {[%clk 0:04:31]} Qe6 {[%clk 0:31:20]} 32. Qe2
{[%clk 0:04:27]} Rbc8 {[%clk 0:29:21]} 33. g4 {[%clk 0:02:24]} Qd5
{[%clk 0:26:40]} 34. Kh2 Be5 {[%clk 0:20:33]} 35. Bxe5 {[%clk 0:01:00]} Qxe5+
{[%clk 0:20:54]} 36. Kg2 {[%clk 0:01:14]} Rc1 {[%clk 0:20:13]} 37. Bd3
{[%clk 0:01:11]} d5 {[%clk 0:18:17]} 38. Rxd5 {[%clk 0:00:47]} Qxd5
{[%clk 0:18:31]} 39. Qxe4 {[%clk 0:01:14]} Qxe4 {[%clk 0:18:35]} 40. Bxe4
{[%clk 0:01:41]} Rc4 {[%clk 0:19:03]} 41. Rf4 {[%clk 0:30:16]} g6
{[%clk 0:48:22]} 42. Kg3 {[%clk 0:30:03]} Rxa4 {[%clk 0:48:26]} 43. Bd5
{[%clk 0:30:11]} Rxf4 {[%clk 0:48:50]} 44. Kxf4 {[%clk 0:30:33]} Kg7
{[%clk 0:49:10]} 45. g5 {[%clk 0:29:52]} h6 {[%clk 0:49:36]} 46. h4
{[%clk 0:30:06]} hxg5+ {[%clk 0:50:01]} 47. hxg5 {[%clk 0:30:33]} Rb8
{[%clk 0:50:12]} 48. Be4 {[%clk 0:30:07]} f6 {[%clk 0:49:52]} 49. gxf6+
{[%clk 0:29:20]} Kxf6 {[%clk 0:50:20]} 50. Bf3 {[%clk 0:29:30]} g5+
{[%clk 0:50:41]} 51. Kg4 {[%clk 0:29:31]} Rb4+ {[%clk 0:51:09]} 52. Kg3
{[%clk 0:29:52]} Kf5 {[%clk 0:51:35]} 53. Bc6 {[%clk 0:29:53]} Rb3+
{[%clk 0:51:55]} 54. Kg2 {[%clk 0:30:05]} Kf4 {[%clk 0:52:22]} 55. Bd5
{[%clk 0:29:17]} Rb2+ {[%clk 0:52:48]} 56. Kf1 {[%clk 0:28:46]} Kg3
{[%clk 0:52:58]} 57. Be4 {[%clk 0:28:34]} Ra2 {[%clk 0:53:24]} 58. Bd5
{[%clk 0:27:58]} Ra1+ {[%clk 0:53:42]} 59. Ke2 {[%clk 0:28:23]} g4
{[%clk 0:53:45]} 60. Be6 {[%clk 0:28:40]} Ra4 {[%clk 0:53:41]} 61. Bd7
{[%clk 0:28:25]} Rb4 {[%clk 0:54:07]} 62. Kf1 {[%clk 0:28:36]} Kh2
{[%clk 0:54:22]} 0-1

[Event "2016 South Wales International"]
[Site "Cardiff"]
[Date "2016.07.11"]
[Round "7"]
[Board "13"]
[White "Harris, Calum"]
[Black "Fathallah, Joe"]
[Result "0-1"]
[WhiteElo "1675"]
[BlackElo "1960"]
[PlyCount "0"]
[EventDate "2016.07.07"]
[EventRounds "10"]
[EventCountry "WLS"]

1. e4 {[%clk 1:30:59]} e6 {[%clk 1:30:52]} 2. d4 {[%clk 1:31:21]} d5
{[%clk 1:31:16]} 3. Nd2 {[%clk 1:31:49]} Nf6 {[%clk 1:31:37]} 4. e5
{[%clk 1:32:17]} Nfd7 {[%clk 1:31:59]} 5. Bd3 {[%clk 1:32:41]} c5
{[%clk 1:32:22]} 6. c3 {[%clk 1:33:10]} Nc6 {[%clk 1:32:46]} 7. Ne2
{[%clk 1:33:36]} cxd4 {[%clk 1:32:56]} 8. cxd4 {[%clk 1:34:00]} Qb6
{[%clk 1:33:13]} 9. Nf3 {[%clk 1:33:31]} f6 {[%clk 1:33:36]} 10. exf6
{[%clk 1:33:57]} Nxf6 {[%clk 1:34:01]} 11. O-O {[%clk 1:34:11]} Bd6
{[%clk 1:34:12]} 12. b3 {[%clk 1:34:07]} O-O {[%clk 1:29:22]} 13. Bf4
{[%clk 1:32:32]} Bxf4 {[%clk 1:26:08]} 14. Nxf4 {[%clk 1:32:55]} Ne4
{[%clk 1:21:47]} 15. Ne2 {[%clk 1:27:54]} Rxf3 {[%clk 1:18:47]} 16. gxf3
{[%clk 1:28:18]} Ng5 {[%clk 1:19:03]} 17. Kg2 {[%clk 1:19:50]} e5
{[%clk 1:18:17]} 18. Kg3 {[%clk 1:12:02]} Nxd4 {[%clk 1:15:50]} 19. Nxd4
{[%clk 1:07:04]} Qxd4 {[%clk 1:07:57]} 20. Qc1 {[%clk 0:45:18]} Nxf3
{[%clk 1:06:17]} 21. Kxf3 {[%clk 0:44:33]} Qxd3+ {[%clk 0:56:53]} 22. Qe3
{[%clk 0:41:17]} Qf5+ {[%clk 0:56:02]} 23. Kg2 {[%clk 0:31:37]} Bd7
{[%clk 0:55:07]} 24. Qf3 {[%clk 0:27:42]} Qe6 {[%clk 0:50:52]} 25. h3
{[%clk 0:14:15]} Rf8 {[%clk 0:50:32]} 26. Qg4 {[%clk 0:14:12]} Qe7
{[%clk 0:49:30]} 27. Qd1 {[%clk 0:08:54]} Qg5+ {[%clk 0:48:48]} 28. Kh1
{[%clk 0:07:30]} d4 {[%clk 0:48:31]} 29. Qd3 {[%clk 0:02:13]} Bc6+
{[%clk 0:48:19]} 30. f3 {[%clk 0:02:39]} Qg3 {[%clk 0:48:05]} 31. Qc4+
{[%clk 0:02:28]} Kh8 {[%clk 0:47:27]} 32. Qe6 {[%clk 0:02:48]} h6
{[%clk 0:45:55]} 33. Qg4 {[%clk 0:01:46]} Bxf3+ {[%clk 0:46:05]} 34. Rxf3
{[%clk 0:02:05]} Qxf3+ {[%clk 0:46:29]} 35. Qxf3 {[%clk 0:02:00]} Rxf3
{[%clk 0:46:54]} 36. Kg2 {[%clk 0:02:25]} Re3 {[%clk 0:46:26]} 37. Rc1
{[%clk 0:02:09]} Re2+ {[%clk 0:45:23]} 38. Kf3 {[%clk 0:02:13]} Rxa2
{[%clk 0:45:39]} 39. Rc7 {[%clk 0:02:09]} b6 {[%clk 0:44:42]} 40. Re7
{[%clk 0:02:31]} Ra3 {[%clk 0:44:39]} 41. Rxe5 {[%clk 0:02:47]} Rxb3+
{[%clk 0:45:00]} 42. Kg2 {[%clk 0:02:44]} a5 {[%clk 0:45:07]} 43. Rd5
{[%clk 0:02:44]} d3 {[%clk 0:45:18]} 44. Kf2 {[%clk 0:03:00]} a4 {[%clk 0:45:33]}
45. Rd8+ {[%clk 0:03:10]} Kh7 {[%clk 0:45:44]} 46. Ra8 {[%clk 0:03:37]} a3
{[%clk 0:45:57]} 47. Ke3 {[%clk 0:03:55]} d2+ {[%clk 0:46:03]} 48. Kxd2
{[%clk 0:04:21]} Rxh3 {[%clk 0:46:24]} 49. Kc2 {[%clk 0:04:38]} Rh2+
{[%clk 0:45:41]} 50. Kb3 {[%clk 0:05:01]} a2 {[%clk 0:45:58]} 51. Kb4
{[%clk 0:05:14]} h5 {[%clk 0:46:05]} 52. Kb5 {[%clk 0:05:41]} Rb2+
{[%clk 0:46:24]} 53. Kc4 {[%clk 0:05:57]} h4 {[%clk 0:46:33]} 54. Kc3
{[%clk 0:06:17]} Rg2 {[%clk 0:46:44]} 55. Ra4 {[%clk 0:06:27]} h3
{[%clk 0:46:54]} 0-1

[Event "2016 South Wales International"]
[Site "Cardiff"]
[Date "2016.07.11"]
[Round "7"]
[Board "14"]
[White "Rodriguez, Juan Talavera"]
[Black "Wilson, Matthew R"]
[Result "1-0"]
[WhiteElo "2020"]
[BlackElo "1772"]
[PlyCount "0"]
[EventDate "2016.07.07"]
[EventRounds "10"]
[EventCountry "WLS"]

1. e4 {[%clk 1:30:59]} c5 {[%clk 1:30:56]} 2. Nf3 {[%clk 1:31:26]} e6
{[%clk 1:31:21]} 3. d3 {[%clk 1:31:52]} Nc6 {[%clk 1:31:19]} 4. Nbd2
{[%clk 1:32:16]} d6 {[%clk 1:30:36]} 5. g3 {[%clk 1:32:41]} Nf6 {[%clk 1:30:08]}
6. Bg2 {[%clk 1:33:07]} Be7 {[%clk 1:29:39]} 7. O-O {[%clk 1:33:31]} O-O
{[%clk 1:28:11]} 8. a4 {[%clk 1:32:45]} Bd7 {[%clk 1:21:22]} 9. Nc4
{[%clk 1:31:47]} Qc7 {[%clk 1:19:06]} 10. Qe2 {[%clk 1:29:43]} Rfe8
{[%clk 1:07:39]} 11. e5 {[%clk 1:27:30]} dxe5 {[%clk 1:06:03]} 12. Ncxe5
{[%clk 1:27:44]} Nd4 {[%clk 1:03:52]} 13. Nxd4 {[%clk 1:27:49]} cxd4
{[%clk 1:04:12]} 14. Bf4 {[%clk 1:24:35]} Bd6 {[%clk 1:03:03]} 15. Nxd7
{[%clk 1:23:11]} Qxd7 {[%clk 1:02:57]} 16. Bxd6 {[%clk 1:22:32]} Qxd6
{[%clk 1:03:25]} 17. a5 {[%clk 1:21:59]} Rab8 {[%clk 0:56:32]} 18. Ra4
{[%clk 1:16:59]} b5 {[%clk 0:51:47]} 19. axb6 {[%clk 1:16:40]} axb6
{[%clk 0:46:52]} 20. c4 {[%clk 1:09:39]} b5 {[%clk 0:44:15]} 21. cxb5
{[%clk 1:08:16]} Rxb5 {[%clk 0:44:01]} 22. Rc1 {[%clk 1:07:41]} Reb8
{[%clk 0:39:25]} 23. Rc6 {[%clk 1:05:13]} Qd7 {[%clk 0:38:11]} 24. Rc2
{[%clk 1:05:06]} Rb4 {[%clk 0:33:13]} 25. Ra5 {[%clk 1:03:30]} h6
{[%clk 0:32:00]} 26. h3 {[%clk 0:57:28]} Qd8 {[%clk 0:25:43]} 27. Ra7
{[%clk 0:53:25]} Qb6 {[%clk 0:23:47]} 28. Rcc7 {[%clk 0:52:41]} Rxb2
{[%clk 0:23:19]} 29. Qf3 {[%clk 0:52:02]} Rf8 {[%clk 0:16:59]} 30. Qf4
{[%clk 0:48:04]} Qb4 {[%clk 0:15:05]} 31. Bf1 {[%clk 0:43:01]} Rb1
{[%clk 0:10:49]} 32. Rc1 {[%clk 0:42:08]} Rxc1 {[%clk 0:11:18]} 33. Qxc1
{[%clk 0:42:29]} Qc3 {[%clk 0:07:53]} 34. Qb1 {[%clk 0:41:53]} Nd5
{[%clk 0:07:11]} 35. Ra4 {[%clk 0:39:43]} Rc8 {[%clk 0:05:50]} 36. Qb7
{[%clk 0:37:15]} Rc7 {[%clk 0:05:22]} 37. Qb8+ {[%clk 0:37:24]} Rc8
{[%clk 0:05:51]} 38. Qb7 {[%clk 0:36:01]} Qc7 {[%clk 0:05:57]} 39. Qxc7
{[%clk 0:35:55]} Rxc7 {[%clk 0:06:04]} 40. Rxd4 {[%clk 0:36:11]} Rc1
{[%clk 0:05:44]} 41. Rc4 {[%clk 0:35:37]} Rd1 {[%clk 0:03:19]} 42. Kg2
{[%clk 0:35:31]} Re1 {[%clk 0:02:01]} 43. d4 {[%clk 0:32:17]} g5 {[%clk 0:30:21]}
44. Bd3 {[%clk 1:00:43]} h5 {[%clk 0:29:22]} 45. Kf3 {[%clk 0:58:08]} Kg7
{[%clk 0:27:36]} 46. Rc5 {[%clk 0:50:15]} Rh1 {[%clk 0:25:07]} 47. Bc4
{[%clk 0:49:40]} g4+ {[%clk 0:18:53]} 48. Kg2 {[%clk 0:43:49]} Rd1
{[%clk 0:15:37]} 49. Bxd5 {[%clk 0:44:01]} exd5 {[%clk 0:14:24]} 50. Rxd5
{[%clk 0:44:28]} Kg6 {[%clk 0:14:30]} 51. h4 {[%clk 0:44:28]} f6 {[%clk 0:12:41]}
52. Rd7 {[%clk 0:39:44]} Kf5 {[%clk 0:11:22]} 53. d5 {[%clk 0:39:28]} Ke5
{[%clk 0:10:38]} 54. Rh7 {[%clk 0:39:34]} Kxd5 {[%clk 0:09:55]} 55. Rd7+
{[%clk 0:39:55]} 1-0

[Event "2016 South Wales International"]
[Site "Cardiff"]
[Date "2016.07.11"]
[Round "7"]
[Board "15"]
[White "Ivekovic, Tihana"]
[Black "Hurn, Robert Aj"]
[Result "1-0"]
[WhiteElo "2129"]
[BlackElo "1623"]
[PlyCount "0"]
[EventDate "2016.07.07"]
[EventRounds "10"]
[EventCountry "WLS"]

1. d4 {[%clk 1:30:58]} Nf6 {[%clk 1:30:51]} 2. c4 {[%clk 1:31:24]} e6
{[%clk 1:31:11]} 3. Nf3 {[%clk 1:31:49]} d5 {[%clk 1:31:36]} 4. Nc3
{[%clk 1:32:14]} c6 {[%clk 1:32:01]} 5. e3 {[%clk 1:32:40]} Nbd7 {[%clk 1:32:15]}
6. Bd3 {[%clk 1:33:03]} Bd6 {[%clk 1:32:31]} 7. O-O {[%clk 1:32:27]} O-O
{[%clk 1:32:41]} 8. b3 {[%clk 1:26:24]} Re8 {[%clk 1:30:28]} 9. cxd5
{[%clk 1:24:31]} exd5 {[%clk 1:30:11]} 10. Qc2 {[%clk 1:24:48]} Nf8
{[%clk 1:29:30]} 11. h3 {[%clk 1:24:01]} Ng6 {[%clk 1:22:19]} 12. Re1
{[%clk 1:10:22]} Bd7 {[%clk 1:19:50]} 13. Bb2 {[%clk 1:05:21]} Rc8
{[%clk 1:19:17]} 14. Rad1 {[%clk 1:03:36]} Qc7 {[%clk 1:15:17]} 15. Qb1
{[%clk 1:01:36]} b5 {[%clk 1:11:56]} 16. Rc1 {[%clk 0:59:52]} Qb8
{[%clk 1:10:56]} 17. e4 {[%clk 0:50:13]} dxe4 {[%clk 1:05:55]} 18. Nxe4
{[%clk 0:50:36]} Nxe4 {[%clk 1:04:17]} 19. Bxe4 {[%clk 0:49:54]} a6
{[%clk 0:59:32]} 20. Rcd1 {[%clk 0:43:31]} Bb4 {[%clk 0:52:21]} 21. Re3
{[%clk 0:43:16]} Bd6 {[%clk 0:47:29]} 22. Ne5 {[%clk 0:42:45]} Bxe5
{[%clk 0:46:40]} 23. dxe5 {[%clk 0:43:09]} Be6 {[%clk 0:46:20]} 24. Rd6
{[%clk 0:42:40]} Bd5 {[%clk 0:41:23]} 25. Bxd5 {[%clk 0:41:34]} cxd5
{[%clk 0:41:37]} 26. Rxd5 {[%clk 0:39:08]} Nf4 {[%clk 0:40:34]} 27. Rd4
{[%clk 0:34:30]} g5 {[%clk 0:37:19]} 28. Qf5 {[%clk 0:34:04]} h6 {[%clk 0:35:35]}
29. Rd7 {[%clk 0:34:10]} Rc7 {[%clk 0:34:27]} 30. Qxf7+ {[%clk 0:34:34]} 1-0

[Event "2016 South Wales International"]
[Site "Cardiff"]
[Date "2016.07.11"]
[Round "7"]
[Board "16"]
[White "Bonutto, Stephen"]
[Black "James, Dai"]
[Result "0-1"]
[WhiteElo "1391"]
[BlackElo "1926"]
[PlyCount "0"]
[EventDate "2016.07.07"]
[EventRounds "10"]
[EventCountry "WLS"]

1. e4 {[%clk 1:30:57]} e6 {[%clk 1:18:08]} 2. d4 {[%clk 1:31:03]} d5
{[%clk 1:18:17]} 3. Nd2 {[%clk 1:31:14]} dxe4 {[%clk 1:17:58]} 4. Nxe4
{[%clk 1:31:04]} Nd7 {[%clk 1:17:57]} 5. Nf3 {[%clk 1:29:13]} Ngf6
{[%clk 1:17:58]} 6. Bd3 {[%clk 1:27:29]} Be7 {[%clk 1:17:52]} 7. O-O
{[%clk 1:26:04]} Nxe4 {[%clk 1:16:15]} 8. Bxe4 {[%clk 1:25:50]} Nf6
{[%clk 1:16:37]} 9. Bd3 {[%clk 1:24:18]} c5 {[%clk 1:15:12]} 10. dxc5
{[%clk 1:17:58]} Bxc5 {[%clk 1:14:58]} 11. Bb5+ {[%clk 1:17:11]} Bd7
{[%clk 1:14:45]} 12. Bxd7+ {[%clk 1:16:39]} Qxd7 {[%clk 1:12:36]} 13. Qxd7+
{[%clk 1:14:13]} Kxd7 {[%clk 1:10:12]} 14. Rd1+ {[%clk 1:09:36]} Ke7
{[%clk 1:04:10]} 15. b4 {[%clk 1:07:04]} Rhd8 {[%clk 1:00:26]} 16. Bd2
{[%clk 1:04:25]} Bb6 {[%clk 0:58:32]} 17. c4 {[%clk 1:03:27]} Bd4
{[%clk 0:58:30]} 18. Nxd4 {[%clk 1:00:27]} Rxd4 {[%clk 0:55:31]} 19. Be3
{[%clk 0:39:08]} Rxc4 {[%clk 0:54:37]} 20. a4 {[%clk 0:37:05]} Nd5
{[%clk 0:52:27]} 21. Bc5+ {[%clk 0:32:41]} Ke8 {[%clk 0:51:04]} 22. Rd4
{[%clk 0:29:57]} Rxd4 {[%clk 0:47:08]} 23. Bxd4 {[%clk 0:30:14]} f6
{[%clk 0:47:12]} 24. Re1 {[%clk 0:26:08]} Kd7 {[%clk 0:46:23]} 25. Rd1
{[%clk 0:18:00]} b6 {[%clk 0:45:04]} 26. Be3 {[%clk 0:14:59]} Rc8
{[%clk 0:39:59]} 27. a5 {[%clk 0:12:37]} Kc6 {[%clk 0:39:11]} 28. Rc1+
{[%clk 0:07:58]} Kb7 {[%clk 0:39:20]} 29. Rxc8 {[%clk 0:07:14]} Kxc8
{[%clk 0:37:42]} 30. axb6 {[%clk 0:07:15]} axb6 {[%clk 0:36:47]} 31. Kf1
{[%clk 0:04:20]} Kc7 {[%clk 0:34:58]} 32. Bd2 {[%clk 0:03:46]} Kc6
{[%clk 0:34:53]} 0-1

[Event "2016 South Wales International"]
[Site "Cardiff"]
[Date "2016.07.11"]
[Round "7"]
[Board "17"]
[White "Orton, Paul"]
[Black "Robertson, Jim"]
[Result "0-1"]
[WhiteElo "1595"]
[BlackElo "1649"]
[PlyCount "56"]
[EventDate "2016.07.07"]
[EventRounds "10"]
[EventCountry "WLS"]

1. e4 c6 2. d4 d5 3. exd5 cxd5 4. Bd3 Nc6 5. c3 Qc7 6. Ne2 Bg4 7. f3 Bd7 8. Bf4
e5 9. dxe5 Nxe5 10. O-O Qb6+ 11. Kh1 Qxb2 12. Bxe5 Qxa1 13. Qc2 f6 14. Bd4 Ba3
15. Nd2 Qb2 16. Qxb2 Bxb2 17. Rb1 Ba3 18. Rxb7 Ne7 19. Rxa7 Rxa7 20. Bxa7 O-O
21. Nd4 Nc6 22. Bb5 Nxd4 23. Bxd7 Rf7 24. Bxd4 Rxd7 25. Kg1 Bd6 26. Kf2 Be5 27.
a4 Bxd4+ 28. cxd4 Ra7 0-1

[Event "2016 South Wales International"]
[Site "Cardiff"]
[Date "2016.07.11"]
[Round "7"]
[Board "18"]
[White "Parry, Matthew"]
[Black "Lutchman Singh, Karanvir"]
[Result "1-0"]
[WhiteElo "1909"]
[BlackElo "1716"]
[PlyCount "81"]
[EventDate "2016.07.07"]
[EventRounds "10"]
[EventCountry "WLS"]

1. d4 Nf6 2. c4 g6 3. Nc3 Bg7 4. e4 d6 5. f4 c5 6. d5 O-O 7. Nf3 e6 8. Be2 a6
9. e5 dxe5 10. fxe5 Ng4 11. Bg5 Qb6 12. Qd2 Nxe5 13. O-O Qa5 14. Bh6 Nxf3+ 15.
Rxf3 exd5 16. cxd5 Bg4 17. Rxf7 Rxf7 18. Bxg4 Kh8 19. Be6 Re7 20. Qg5 Qd8 21.
Bxg7+ Kxg7 22. Qe5+ Kh6 23. g4 Rxe6 24. Qxe6 Nd7 25. Rf1 Qe8 26. Rf7 Nf8 27.
g5+ Kh5 28. Qh3+ Kxg5 29. Qg3+ Kh5 30. h4 Qd8 31. Qe5+ Kh6 32. Qf4+ Kh5 33.
Rxf8 Qe7 34. Rxa8 Qe1+ 35. Kg2 h6 36. Qf3+ Kxh4 37. Qe4+ Qxe4+ 38. Nxe4 g5 39.
d6 g4 40. d7 h5 41. d8=Q# 1-0

[Event "2016 South Wales International"]
[Site "Cardiff"]
[Date "2016.07.11"]
[Round "7"]
[Board "19"]
[White "Cresswell, Mike J"]
[Black "Chapman, Dafydd"]
[Result "1-0"]
[WhiteElo "1770"]
[BlackElo "1392"]
[PlyCount "39"]
[EventDate "2016.07.07"]
[EventRounds "10"]
[EventCountry "WLS"]

1. e4 e6 2. d4 d5 3. Nc3 Bb4 4. Qg4 Nf6 5. Qxg7 Rg8 6. Qh6 dxe4 7. Bd2 Nc6 8.
Nge2 b6 9. O-O-O Ba6 10. Bg5 Rg6 11. Bxf6 Qxf6 12. Qe3 Bxc3 13. Nxc3 Bxf1 14.
Rhxf1 Qh4 15. g3 Qxh2 16. Qxe4 e5 17. d5 Ne7 18. d6 Rd8 19. dxe7 Rxd1+ 20. Rxd1
 1-0

[Event "2016 South Wales International"]
[Site "Cardiff"]
[Date "2016.07.11"]
[Round "7"]
[Board "20"]
[White "Rovaretti, David"]
[Black "Thomas, Roy"]
[Result "1-0"]
[WhiteElo "1635"]
[BlackElo "1751"]
[PlyCount "73"]
[EventDate "2016.07.07"]
[EventRounds "10"]
[EventCountry "WLS"]

1. d4 f5 2. Qd3 d6 3. Nc3 Nf6 4. Bg5 e6 5. O-O-O Be7 6. f3 O-O 7. h3 Nh5 8.
Bxe7 Qxe7 9. g4 Ng3 10. Rh2 Qh4 11. Bg2 Nc6 12. a3 Bd7 13. e4 a6 14. Nge2 Nxe2+
15. Nxe2 b5 16. Rdh1 f4 17. Qd2 g5 18. Qe1 a5 19. b3 Ne7 20. Qxh4 gxh4 21. Bf1
c5 22. c3 b4 23. a4 bxc3 24. dxc5 dxc5 25. Nxc3 Rab8 26. Bc4 Nc6 27. Nb5 Kg7
28. Rd2 Ne5 29. Rf1 Rfd8 30. Rfd1 Bxb5 31. Rxd8 Bxc4 32. Rxb8 Bxb3 33. Rxb3 c4
34. Rc3 Kf6 35. Rd8 Nd3+ 36. Rdxd3 cxd3 37. Rxd3 1-0

[Event "2016 South Wales International"]
[Site "Cardiff"]
[Date "2016.07.11"]
[Round "7"]
[Board "22"]
[White "Calist, Aron"]
[Black "Ray, Hiya"]
[Result "1-0"]
[WhiteElo "1500"]
[BlackElo "1442"]
[PlyCount "49"]
[EventDate "2016.07.07"]
[EventRounds "10"]
[EventCountry "WLS"]

1. b3 d5 2. Bb2 c5 3. e3 Bf5 4. f4 e6 5. Nf3 Nd7 6. Bb5 a6 7. Bxd7+ Qxd7 8. d3
Qd8 9. Nbd2 Nf6 10. Qe2 Be7 11. O-O-O O-O 12. h3 Qa5 13. Kb1 Rfc8 14. g4 Bg6
15. Ne5 b5 16. Nxg6 fxg6 17. h4 c4 18. dxc4 bxc4 19. h5 c3 20. hxg6 cxb2 21. g5
Qc7 22. c4 Ne4 23. Nxe4 dxe4 24. Rxh7 Rd8 25. Rdh1 1-0